000 00608nam a2200217 a 4500
005 20140310183449.0
008 081212s19uu xx 00 eng d
020 _a0324233434
050 _aHD 62.7
_b.R988 2006
100 _aRyan, J.D.
245 _aSmall business :
_ban entrepreneur's business plan /
_cJ.D. Ryan
260 _aAustralia :
_bThomson South-Western,
_c2006.
300 _a446 p. :
_bill. ;
_c28 cm.
500 _aInclude index.
521 _aBSBA
650 _aBSBA.
650 _aSmall business
_xManagement.
700 _aHiduke, Gail P.
942 _cBK
_2lcc
_kFOR
999 _c23344
_d23344